[Event "Bob Wade mem Challengers 1"]
[Site "Howick"]
[Date "2023.01.19"]
[Round "8"]
[White "Patterson, Miles"]
[Black "Kerr, Grant"]
[Result "1-0"]
[WhiteElo "1951"]
[BlackElo "1768"]
[PlyCount "31"]
[EventDate "2023.01.14"]
[EventType "tourn"]
[EventRounds "9"]
[EventCountry "NZL"]
[SourceTitle "EXT 2024"]
[Source "ChessBase"]
[SourceDate "2023.10.10"]
[SourceVersion "1"]
[SourceVersionDate "2023.10.10"]
[SourceQuality "1"]

1. Nf3 d5 2. c4 d4 3. g3 Nc6 4. a3 a5 5. d3 e5 6. Bg2 f6 7. b3 Be6 8. Bb2 Nh6 9. 0-0 Be7 10. e3 dxe3 11. fxe3 Nf5 12. Re1 Bc5 13. d4 exd4 14. exd4 Nfxd4 15. Nxd4 Nxd4 16. Qh5+ 1-0

[Event "Bob Wade mem Challengers 1"]
[Site "Howick"]
[Date "2023.01.14"]
[Round "1"]
[White "Patterson, Miles"]
[Black "Qin, Oscar Shu Xuan"]
[Result "1/2-1/2"]
[WhiteElo "1951"]
[BlackElo "1795"]
[PlyCount "103"]
[EventDate "2023.01.14"]
[EventType "tourn"]
[EventRounds "9"]
[EventCountry "NZL"]
[SourceTitle "EXT 2024"]
[Source "ChessBase"]
[SourceDate "2023.10.10"]
[SourceVersion "1"]
[SourceVersionDate "2023.10.10"]
[SourceQuality "1"]

1. Nf3 Nf6 2. c4 g6 3. g3 Bg7 4. Bg2 0-0 5. 0-0 d6 6. Nc3 a6 7. d3 e5 8. Rb1 Nc6 9. a3 Rb8 10. Bd2 Bd7 11. Qc1 Re8 12. Re1 Nd4 13. e3 Nxf3+ 14. Bxf3 Bc6 15. e4 Bd7 16. Bg2 c6 17. b4 Nh5 18. a4 f5 19. b5 f4 20. bxa6 bxa6 21. Rxb8 Qxb8 22. Qa3 g5 23. c5 Bf8 24. Rb1 Qc7 25. Qb3+ Kh8 26. Qf7 Ng7 27. Bh3 Be7 28. Bxd7 Qxd7 29. cxd6 Qxd6 30. Rb7 Bf8 31. Rd7 Qe6 32. Qxe6 Nxe6 33. Na2 Nc5 34. Rc7 Nxd3 35. Rxc6 Nc5 36. f3 Nxa4 37. Rxa6 Bc5+ 38. Kf1 Nb6 39. Nc3 Rd8 40. Ke2 Nc4 41. Bc1 Bd4 42. Nd5 Rc8 43. Ne7 Rb8 44. Rc6 Ne3 45. Bxe3 Bxe3 46. Rc2 Bg1 47. gxf4 gxf4 48. h3 Kg7 49. Nf5+ Kg6 50. Rc6+ Kf7 51. Rc7+ Kf6 52. Rc6+ 1/2-1/2

[Event "Asian-ch Seniors 65"]
[Site "Auckland"]
[Date "2022.10.20"]
[Round "9"]
[White "Patterson, Miles"]
[Black "Lovejoy, David W"]
[Result "1-0"]
[WhiteElo "1888"]
[BlackElo "1712"]
[PlyCount "76"]
[EventDate "2022.10.15"]
[EventType "swiss"]
[EventRounds "9"]
[EventCountry "NZL"]
[SourceTitle "EXT 2024"]
[Source "ChessBase"]
[SourceDate "2023.10.10"]
[SourceVersion "1"]
[SourceVersionDate "2023.10.10"]
[SourceQuality "1"]

1. Nf3 Nf6 2. c4 e6 3. g3 d5 4. Bg2 c5 5. cxd5 Nxd5 6. 0-0 Be7 7. Nc3 Nf6 8. Ne5 Qd4 9. Nf3 Qd8 10. d3 Nc6 11. Bf4 0-0 12. Ne5 Nxe5 13. Bxe5 Ng4 14. Bf4 e5 15. Bd2 Nf6 16. Qb3 Rb8 17. Bg5 Be6 18. Qa4 Qb6 19. Qb5 Qa6 20. Bxf6 gxf6 21. Qxa6 bxa6 22. b3 Rfd8 23. Rac1 f5 24. Na4 Rb5 25. Rc2 Kf8 26. Rfc1 Bg5 27. Rb1 Be7 28. Bc6 Ra5 29. Nc3 Rd4 30. Rd1 Bd8 31. e3 Rd6 32. Bg2 Bb6 33. Kf1 Ke7 34. Ke2 Rd8 35. Rdc1 Rg8 36. Nd5+ Bxd5 37. Bxd5 Rb5 38. Bc4 Rb4 1-0

[Event "Asian-ch Seniors 65"]
[Site "Auckland"]
[Date "2022.10.18"]
[Round "7"]
[White "Patterson, Miles"]
[Black "Bennett, Hilton Petrie"]
[Result "1/2-1/2"]
[WhiteElo "1888"]
[BlackElo "1885"]
[PlyCount "51"]
[EventDate "2022.10.15"]
[EventType "swiss"]
[EventRounds "9"]
[EventCountry "NZL"]
[SourceTitle "EXT 2024"]
[Source "ChessBase"]
[SourceDate "2023.10.10"]
[SourceVersion "1"]
[SourceVersionDate "2023.10.10"]
[SourceQuality "1"]

1. Nf3 Nf6 2. c4 g6 3. g3 Bg7 4. Bg2 0-0 5. 0-0 d6 6. Nc3 e5 7. d3 h6 8. Bd2 Nc6 9. Rb1 a5 10. a3 Re8 11. e4 Bg4 12. h3 Bxf3 13. Bxf3 Nd4 14. Bg2 c6 15. b3 Qe7 16. Be3 Kh7 17. Ne2 Nd7 18. Bxd4 exd4 19. Qc2 f5 20. Rbe1 Qf6 21. exf5 gxf5 22. Nf4 Ne5 23. Re2 Qf7 24. Rfe1 Bf6 25. h4 Rg8 26. Kh2 1/2-1/2

[Event "Canberra Sunday Summer"]
[Site "Canberra"]
[Date "2021.01.10"]
[Round "1"]
[White "Extross, Eshaan"]
[Black "Patterson, Miles"]
[Result "0-1"]
[WhiteElo "1294"]
[BlackElo "1944"]
[PlyCount "80"]
[EventDate "2021.01.10"]
[EventType "swiss"]
[EventRounds "7"]
[EventCountry "AUS"]
[SourceTitle "EXT 2022"]
[Source "ChessBase"]
[SourceDate "2021.10.06"]
[SourceVersion "1"]
[SourceVersionDate "2021.10.06"]
[SourceQuality "1"]

1. e4 e6 2. d4 d5 3. exd5 exd5 4. Nf3 Bd6 5. Bd3 Ne7 6. c3 0-0 7. 0-0 Bf5 8. Bxf5 Nxf5 9. Qd3 Qd7 10. Re1 Na6 11. Nbd2 Rfe8 12. Rxe8+ Rxe8 13. Nf1 c6 14. Ne3 Nxe3 15. Bxe3 f6 16. Qd2 Qf5 17. Rd1 Nc7 18. Qd3 Qg4 19. h3 Qh5 20. Qd2 Re4 21. Qd3 g5 22. Kf1 g4 23. hxg4 Qxg4 24. Ke2 Kh8 25. g3 Ne6 26. Kd2 Qxf3 27. b3 f5 28. Qe2 Qxe2+ 29. Kxe2 f4 30. gxf4 Bxf4 31. Rd3 Bxe3 32. Rxe3 Rxe3+ 33. fxe3 Kg7 34. Kd3 Ng5 35. a4 Kf6 36. c4 Ne4 37. b4 h5 38. b5 h4 39. Ke2 dxc4 40. bxc6 bxc6 0-1

[Event "NZL-ch Major op"]
[Site "Tauranga"]
[Date "2020.01.19"]
[Round "6"]
[White "Patterson, Miles"]
[Black "Tang, Hao"]
[Result "1/2-1/2"]
[WhiteElo "1954"]
[BlackElo "1930"]
[PlyCount "58"]
[EventDate "2020.01.14"]
[EventType "swiss"]
[EventRounds "9"]
[EventCountry "NZL"]
[SourceTitle "EXT 2021"]
[Source "ChessBase"]
[SourceDate "2020.10.23"]
[SourceVersion "1"]
[SourceVersionDate "2020.10.23"]
[SourceQuality "1"]

1. c4 Nf6 2. Nf3 e6 3. g3 d5 4. Bg2 d4 5. d3 c5 6. b4 cxb4 7. a3 Nc6 8. 0-0 Be7 9. axb4 Nxb4 10. Qb3 0-0 11. Bb2 Nc6 12. e3 dxe3 13. fxe3 Ng4 14. d4 Na5 15. Qc3 b6 16. Nbd2 Bb7 17. Ba3 Rc8 18. h3 Nf6 19. Qb2 Ne4 20. Bxe7 Qxe7 21. Nxe4 Nxc4 22. Qb1 Nxe3 23. Rf2 f5 24. Ned2 Nxg2 25. Rxg2 Bd5 26. Qb2 Qb7 27. Rf2 f4 28. g4 a5 29. Ne5 Rc7 1/2-1/2

[Event "NZL-ch Major op"]
[Site "Tauranga"]
[Date "2020.01.15"]
[Round "2"]
[White "Patterson, Miles"]
[Black "Zhang, Boyuan"]
[Result "1-0"]
[WhiteElo "1954"]
[BlackElo "1808"]
[PlyCount "133"]
[EventDate "2020.01.14"]
[EventType "swiss"]
[EventRounds "9"]
[EventCountry "NZL"]
[SourceTitle "EXT 2021"]
[Source "ChessBase"]
[SourceDate "2020.10.23"]
[SourceVersion "1"]
[SourceVersionDate "2020.10.23"]
[SourceQuality "1"]

1. c4 e5 2. Nc3 Nc6 3. Nf3 f5 4. d4 e4 5. Ng5 Be7 6. Nh3 Nf6 7. e3 0-0 8. Nf4 b6 9. Ncd5 Nb4 10. Nxb4 Bxb4+ 11. Bd2 Bxd2+ 12. Qxd2 g5 13. Ne2 d5 14. Nc3 Bb7 15. h4 h6 16. hxg5 hxg5 17. cxd5 Nxd5 18. Bc4 Kg7 19. 0-0-0 Nxc3 20. Qxc3 Bd5 21. Bxd5 Qxd5 22. Qxc7+ Rf7 23. Qh2 Qc6+ 24. Kb1 Qg6 25. Qe5+ Qf6 26. Qxf6+ Rxf6 27. Rc1 Rf7 28. Rh5 Kg6 29. Rch1 Raf8 30. Rh6+ Kg7 31. g3 f4 32. gxf4 gxf4 33. Re6 fxe3 34. fxe3 Rf2 35. Rg1+ Kh7 36. Rxe4 Rh2 37. Re5 a6 38. Re6 b5 39. Re1 Rff2 40. Rxa6 Rxb2+ 41. Ka1 Kg7 42. e4 Rhd2 43. Rc1 Rbc2 44. Rxc2 Rxc2 45. a3 Rc4 46. Rd6 Kf7 47. Kb2 Ke7 48. e5 Ke8 49. d5 Ke7 50. Rb6 Rc5 51. Rd6 Rc4 52. Kb3 Re4 53. Re6+ Kd7 54. Kc3 Ra4 55. Rb6 Rxa3+ 56. Kb4 Re3 57. Rd6+ Ke7 58. Re6+ Kd7 59. Kxb5 Rc3 60. Rd6+ Ke7 61. Rc6 Re3 62. e6 Re1 63. Rc7+ Kd8 64. Rd7+ Ke8 65. Kc6 Ra1 66. Rb7 Ra6+ 67. Rb6 1-0

[Event "NZL-ch Major op"]
[Site "Tauranga"]
[Date "2020.01.14"]
[Round "1"]
[White "Pakenham, John"]
[Black "Patterson, Miles"]
[Result "0-1"]
[WhiteElo "1595"]
[BlackElo "1954"]
[PlyCount "48"]
[EventDate "2020.01.14"]
[EventType "swiss"]
[EventRounds "9"]
[EventCountry "NZL"]
[SourceTitle "EXT 2021"]
[Source "ChessBase"]
[SourceDate "2020.10.23"]
[SourceVersion "1"]
[SourceVersionDate "2020.10.23"]
[SourceQuality "1"]

1. d4 Nf6 2. c4 c5 3. d5 b5 4. cxb5 a6 5. g3 g6 6. Bg2 d6 7. e4 Bg7 8. Ne2 axb5 9. 0-0 0-0 10. Na3 Ba6 11. Qc2 Nbd7 12. h3 Rb8 13. Rb1 Nb6 14. b3 Nfd7 15. Bb2 b4 16. Bxg7 Kxg7 17. Nc4 Nxc4 18. bxc4 Nb6 19. Rfc1 Bxc4 20. Nf4 Ra8 21. Ra1 Ra3 22. Ne2 Qa8 23. Qb2+ Kg8 24. Rc2 Bd3 0-1

[Event "Oceania & NZL-ch Seniors"]
[Site "Auckland"]
[Date "2019.07.14"]
[Round "4"]
[White "Patterson, Miles"]
[Black "Bennett, Hilton Petrie"]
[Result "1-0"]
[WhiteElo "1938"]
[BlackElo "1923"]
[PlyCount "61"]
[EventDate "2019.07.12"]
[EventType "swiss"]
[EventRounds "6"]
[EventCountry "NZL"]
[SourceTitle "EXT 2023"]
[Source "ChessBase"]
[SourceDate "2022.10.05"]
[SourceVersion "1"]
[SourceVersionDate "2022.10.05"]
[SourceQuality "1"]

1. c4 Nf6 2. Nf3 g6 3. g3 Bg7 4. Bg2 0-0 5. 0-0 d6 6. Nc3 c6 7. d3 e5 8. Rb1 a5 9. a3 Re8 10. Qc2 h6 11. b4 axb4 12. axb4 Be6 13. b5 Qd7 14. Re1 e4 15. bxc6 Nxc6 16. Nxe4 Nxe4 17. dxe4 Na5 18. Bb2 Bxc4 19. Bxg7 Kxg7 20. Ra1 Qc7 21. Nd2 b5 22. e5 dxe5 23. Bxa8 Rxa8 24. Nxc4 bxc4 25. Qc3 Qc5 26. Ra4 Ra7 27. Rea1 Nc6 28. Rxa7 Nxa7 29. Ra5 Qc7 30. Rxe5 Kf8 31. Re4 1-0

[Event "Canberra ANU op"]
[Site "Canberra"]
[Date "2009.07.26"]
[Round "7"]
[White "Palma, Mario"]
[Black "Patterson, Miles"]
[Result "1-0"]
[WhiteElo "1461"]
[BlackElo "1716"]
[PlyCount "49"]
[EventDate "2009.07.25"]
[EventType "swiss"]
[EventRounds "7"]
[EventCountry "AUS"]
[SourceTitle "EXT 2011"]
[Source "ChessBase"]
[SourceDate "2010.11.26"]
[SourceVersion "1"]
[SourceVersionDate "2010.11.26"]
[SourceQuality "1"]

1. d4 Nf6 2. c4 c5 3. d5 b5 4. cxb5 a6 5. bxa6 Bxa6 6. Nc3 g6 7. Nf3 d6 8. g3 Bg7 9. Bg2 0-0 10. 0-0 Nbd7 11. Re1 Qc7 12. h3 Rfb8 13. Nd2 Ne5 14. Qc2 Ra7 15. b3 c4 16. Nxc4 Nxc4 17. bxc4 Qxc4 18. Be3 Rc7 19. Rac1 Rbc8 20. Bd2 Nxd5 21. Bxd5 Qc5 22. Qe4 e6 23. Bxe6 fxe6 24. Qxe6+ Kf8 25. Nd5 1-0